| 000 | 00816nam a22001457a 4500 | ||
|---|---|---|---|
| 999 |
_c525278 _d525278 |
||
| 008 | 240221b ||||| |||| 00| 0 eng d | ||
| 100 |
_aRagul, P. _950008 |
||
| 245 | _aUS-China trade war: An explanation | ||
| 260 | _aWorld Affairs: The Journal of International Issues | ||
| 300 | _a27(4), Oct-Dec, 2023: p.34-61 | ||
| 520 | _aThe US complaints about China’s unfair trade practices remained wreaked for a very long time. Using techno-in World industrial polcies. China was observed to have moved permanently away from market-based principles. Even then, as the US and Chinese economics are highly Interdependent, a trade war between the two countries was unthinkable. – Reproduced | ||
| 773 | _aWorld Affairs: The Journal of International Issues | ||
| 906 | _aINTERNATIONAL RELATIONS | ||
| 942 | _cAR | ||